[Event "Leon"]
[Site "Leon"]
[Date "1995.??.??"]
[Round "3"]
[White "Sokolov, Ivan"]
[Black "Bareev, Evgeny"]
[Result "1/2-1/2"]
[WhiteElo "2645"]
[BlackElo "2675"]
[Annotator "Huebner,R"]
[PlyCount "98"]
[EventDate "1995.05.??"]
[EventType "tourn"]
[EventRounds "9"]
[EventCountry "ESP"]
[EventCategory "14"]
[SourceTitle "CBM 048"]
[Source "ChessBase"]
[SourceDate "1995.10.01"]
[SourceVersion "1"]
[SourceVersionDate "1995.10.01"]
[SourceQuality "1"]

1. d4 {Hansen,Cu} d5 2. c4 c6 3. Nc3 Nf6 4. Nf3 dxc4 5. a4 Bf5 6. Ne5 e6 7. g3
Bb4 8. Bg2 Be4 {N} 9. f3 Bg6 10. O-O {Häufiger ist hier 10.e4 gespielt worden.}
(10. e4 {Hansen,Cu} c5 (10... b5 11. O-O $44) 11. Be3 (11. dxc5 Qxd1+ (11...
Qa5 $6 12. Qd4 Nc6 (12... Bxc5 13. Qxc4 {1/2-1/2 Kalantarian,N-Solozhenkin,E/
Cannes op (03) ,EXP 46 1995}) 13. Nxc6 bxc6 14. Be3 Nd7 15. Qxg7 O-O-O $13) (
11... Nc6 $5) 12. Kxd1 Nc6 $1 13. Nxc6 bxc6 14. Be3 (14. Bf1 O-O-O+ 15. Ke1 Nd7
16. Bxc4 Nxc5 17. Be3 Nd3+ 18. Ke2 Nxb2 $13) 14... Nd7 15. Ke2 $132 {Kohlweyer,
B-Tukmakov,V/Bern 57/372 1993 (33)} (15. Bf1 O-O-O 16. Kc2 Ne5)) 11... cxd4 (
11... Nfd7 {N} 12. Nxc4 cxd4 13. Qxd4 O-O 14. Rd1 Qe7 $1 $10 {Vladimirov,
E-Hector,J/Gausdal 50/407 1990/1/2-1/2 (57) /\ 15. 0-0 Rd8}) 12. Qxd4 Qxd4 13.
Bxd4 Nc6 (13... O-O 14. Bf1 Nfd7 $1 15. Nxc4 (15. Nxd7 Nxd7 16. Bxc4 Rac8 17.
Bb5 Nc5 $13) 15... Nc6 16. Be3 Nc5 17. Be2 f5 18. exf5 Bxf5 19. O-O Nb3 20.
Rad1 Rad8 {Cramling,P-Brenninkmeijer,J/Ter Apel (03) 1991 (36)  =/=/+ >< d4})
14. Nxc6 bxc6 15. Bf1 (15. O-O-O O-O-O 16. Bxa7 (16. Bf1 $5) 16... Nd7 17. Bd4
(17. Be3 $5) 17... e5 18. Be3 Nc5 19. Rxd8+ {1/2-1/2 Tukmakov,V-Hansen,LB/Wijk
(op) 57/(372) 1993}) 15... Ke7 16. Bxc4 Rhd8 17. Be3 Nd5 18. Bd2 Nxc3 19. bxc3
Bc5 {0,5/Dreev,A-Bareev,E/Lvov/1987}) 10... c5 {Nach 10...0-0 11.e4 entstehen
durch Zugumstellung bekannte Bilder:} (10... O-O 11. e4 c5 12. Na2 {Bellon
Lopez,Juan-Gual,Antonio/Vulca (02) 1990/1/2-1/2 (71)} Ba5 (12... Na6 13. Nxb4
Nxb4 14. dxc5 Qc7 15. Qd6 $16 {Ehlvest,J-Kakageldyev,A, Moskau olm 1994, CBM
45.}) 13. dxc5 (13. Nxc4 cxd4 14. Nxa5 Qxa5 15. Qxd4 Nc6 16. Qc4 {Shipov
beurteilt diese Stellung als vorteilhaft für Weiß in seinen Anmerkungen zur
Partie Ehlvest,J-Kakageldyev,A, Moscow olm 1994, Ich glaube aber, daß Schwarz
nach} Qb6+ 17. Kh1 Rac8 {nicht schlechter steht. Seinem Damenspringer winkt
das vorzügliche Feld d4.}) 13... Qc7 14. Qd6 Qxd6 15. cxd6 Bb6+ 16. Kh1 Rc8 {
Hansen,Cu} 17. Rd1 Nbd7 18. Nxd7 Nxd7 19. Nc3 Ne5 20. a5 Bc5 21. Na4 Bb4 {
1/2-1/2 Lin Weiguo-Pergericht,D/Manila ol 1992}) 11. Na2 {Der Zug scheint an
dieser Stelle noch nicht gespielt worden zu sein, wenn auch natürlich die Idee
schon früher einmal gesehen wurde. 11.dc5? Qc7 12.f4 Qc5:+ 13.Kh1 Nc6 mit
Vorteil für Schwarz geschah in der Partie Murshed,N-Flear,G, BCF-ch 1988.} (11.
dxc5 {Hansen,Cu} Qc7 12. f4 Qxc5+ 13. Kh1 Nc6 14. Nxc6 bxc6 $17 {Murshed,
N-Flear,G/BCF-ch/1988/ (40)}) 11... Ba5 (11... Na6 12. Nxb4 Nxb4 13. dxc5 Qc7
14. Qd6 Qxd6 15. cxd6 {sieht ungünstig für Schwarz aus.}) 12. dxc5 Qd5 {
Hier kommt die Fortsetzung 12...Qc7 13.Qd6 Qd6: nicht für Schwarz in Betracht,
weil er nach 14.cd6: den P auf c4 nicht verteidigen kann.} 13. Qxd5 exd5 {
[%csl Rc5,Rg2]} 14. Nxg6 (14. e4 Nbd7 15. Nxg6 hxg6 16. Be3 Rc8 {verspricht
dem Weißen nicht mehr.}) 14... hxg6 15. Rb1 {[%csl Rb7][%cal Yb2b4]} Nbd7 16.
Be3 Rc8 17. b4 cxb3 18. Nc1 $1 (18. Rxb3 Nxc5 19. Bxc5 Rxc5 20. Rxb7 Bb6 $17)
18... b2 (18... Nxc5 $2 {Hansen,Cu} 19. Bxc5 Rxc5 20. Nxb3 $16) 19. Nb3 (19.
Rxb2 Nxc5 (19... Bc3 20. Rxb7 d4 21. Bf4 Nxc5 22. Rxa7 O-O $10) 20. Bxc5 Rxc5
21. Nb3 Bc3 22. Nxc5 Bxb2 23. Nxb7 Bd4+ 24. Kh1 Ke7 $17) 19... Bc3 20. Rfd1 Ne5
{[%cal Ye5c4,Yc4a3]} (20... O-O 21. Rd3 d4 (21... Be5 22. f4 $16) 22. Nxd4 Bxd4
23. Bxd4 Nxc5 24. Bxc5 (24. Ra3 Nxa4) 24... Rxc5 25. Rxb2 $14) 21. Bd4 Bxd4+
22. Rxd4 b6 (22... Nc4 23. e4) (22... O-O $5 23. Rxb2 Rc7 {/\ 24...Rfc8, 25...
Ned7} 24. f4 Nc4 {kam in Betracht.}) 23. Rxb2 (23. cxb6 axb6 24. Rxb2 Nc4 $14)
23... Nc4 (23... bxc5 {Hansen,Cu} 24. Nxc5 $14) 24. Rb1 bxc5 (24... O-O $5) 25.
Nxc5 O-O (25... Rxc5 $2 {Hansen,Cu} 26. Rb8+) 26. Nd3 Na3 27. Rb7 Nc2 {[%csl
Rd4]} 28. Rf4 Rfe8 {[%csl Re2]} 29. Bh3 (29. Kf2 $2 {Hansen,Cu} g5 30. Rf5
Rxe2+ 31. Kxe2 Nd4+ $17) 29... Rc3 30. Kf2 g5 31. Rf5 g4 (31... Nd4 {Hansen,Cu}
32. Re5 $8 Rxe5 33. Nxe5 Rc2 34. Bf1 $10) 32. Bxg4 Ne3 33. Rxf6 (33. Rf4 Rc2
$36 (33... Nexg4+ {Hansen,Cu} 34. fxg4 Rc2 $40)) 33... Nxg4+ (33... gxf6 34.
Bd7 Re7 35. Rxa7 Rc2 36. Nf4 {ist riskant für Schwarz. Jetzt entsteht eine
Remisstellung.}) 34. fxg4 gxf6 35. Rxa7 {[%csl Gd3]} Ra3 36. Nf4 {[%cal Gf4e2,
Rf4d5]} Ra2 37. a5 Re4 38. Ra8+ Kh7 39. Rd8 Rxa5 40. Nxd5 (40. Rxd5 $6 {
Hansen,Cu} Rxd5 41. Nxd5 Kg6 $15) 40... Rxd5 (40... Kg7 {Hansen,Cu} 41. Kf3 $14
) 41. Rxd5 Rxg4 42. Kf3 Ra4 43. g4 Kg6 44. h4 Ra1 45. h5+ Kg7 46. Rf5 Rg1 47.
e3 Rf1+ 48. Ke4 Rg1 49. Rf4 Rg3 1/2-1/2

[Event "San Martin"]
[Site "San Martin"]
[Date "1995.??.??"]
[Round "2"]
[White "Soppe, Guillermo"]
[Black "Ginzburg, Maximiliano"]
[Result "1-0"]
[WhiteElo "2445"]
[BlackElo "2450"]
[Annotator "Huebner,R"]
[PlyCount "103"]
[EventDate "1995.03.??"]
[EventType "tourn"]
[EventRounds "13"]
[EventCountry "ARG"]
[EventCategory "10"]
[SourceTitle "CBM 048"]
[Source "ChessBase"]
[SourceDate "1995.10.01"]
[SourceVersion "1"]
[SourceVersionDate "1995.10.01"]
[SourceQuality "1"]

1. d4 Nf6 2. Nf3 d5 3. c4 c6 4. Nc3 dxc4 5. a4 Bf5 6. Nh4 e6 7. Nxf5 exf5 8. e3
Bd6 9. Bxc4 O-O 10. Qf3 g6 11. h3 Nbd7 {In der Partie Hodgson,J-Hübner,R,
Groningen 1993, wurde hier der ganz rätselhafte Zug} (11... Bb4 $4 {gespielt.
Nach} 12. O-O Nbd7 $4 {(Schwarz muß 12...h5 versuchen)} 13. g4 fxg4 14. hxg4 {
hatte Weiß eine strategische Gewinnstellung. Außer dem Textzug ist sonst
üblich:}) (11... h5 12. O-O (12. a5 a6 13. O-O Nbd7 14. e4 Nxe4 15. Nxe4 fxe4
16. Qxe4 Kg7 17. Bd2 Nf6 18. Qf3 Nd5 $10 {Savchenko,S-Ninov,K, Cappelle 1994,
TD 94/02, unter Zugumstellung.}) 12... Re8 (12... a5 $6 13. e4 Nxe4 14. Nxe4
fxe4 15. Qxe4 Qf6 {Jetzt ist 15...Kg7 zu langsam: 16.Bd2 Nd7 17.d5} 16. Bh6 Rc8
17. f4 Nd7 18. Bg5 Qg7 19. f5 $16 {Khenkin,J-Coppini,G, Geneve 1995, EXP 46.})
(12... Qe7 13. a5 Nbd7 14. Bd3 a6 15. e4 fxe4 16. Bxe4 Nxe4 17. Nxe4 Rfe8 18.
Nxd6 Qxd6 $10 {Soppe,G-Meduna,E, Manila olm 1992, TD 92/02.}) (12... Nbd7 13.
e4 Nxe4 14. Nxe4 fxe4 15. Qxe4 Kg7 {führt ebenfalls zu einer ausgeglichenen
Lage.}) 13. Qd1 Qc7 {Schwarz wappnet sich gegen die Eventualität Qd1-b3} 14.
Bd2 Nbd7 15. Ba2 Rad8 16. b4 Nf8 17. Qb3 Ne6 $13 {Illescas Cordoba,M-Campora,D,
ESP chT 1993, TD 93/10.}) 12. g4 f4 13. O-O {Diese Stellung stand schon in der
Partie Vasiliev,VA-Rabinovich,J, Leningrad ch 1936, auf dem Brett. Dort folgte}
(13. exf4 Qb6 14. Qd3 Rfe8+ 15. Kf1 Nf8 16. f5 Rad8 17. a5 Qc7 18. Qf3 {
mit Vorteil für Weiß. Es scheint, daß das Bauernopfer von zweifelhaftem Wert
ist; 11...h5 führt offenbar zu einer ausgeglichenen Stellung und ist solider.
Der Textzug ist auch nicht schlecht; nach Öffnung der f-Linie bekommt Weiß
starken Druck gegen den Punkt f7.}) 13... fxe3 14. fxe3 c5 15. Rf2 Rc8 {
Schwarz sollte 15...Kg7 versuchen.} 16. b3 Qe7 17. Bd2 Bb8 18. Raf1 h6 19. Qxb7
Qd6 20. Qg2 cxd4 21. Nb5 Qc6 22. Qxc6 Rxc6 23. Nxd4 Rxc4 24. bxc4 Ne4 25. Bb4
Nxf2 26. Bxf8 Nxh3+ 27. Kg2 Kxf8 28. Kxh3 $18 Nc5 29. Nc6 Bc7 30. a5 Ke8 31.
Rd1 a6 32. Kg2 Nb7 33. Kf3 Nd6 34. Rd4 f5 35. gxf5 Nxf5 36. Rd5 h5 37. c5 Ng7
38. Nd4 Ke7 39. c6 Ne8 40. Nb3 Bd6 41. Nd2 Nc7 42. Rg5 Kf7 43. Rg1 Ne8 44. Nc4
Bc7 45. e4 Nf6 46. e5 Ng4 47. Rd1 Ke6 48. Rd7 Bxa5 49. Rd6+ Ke7 50. Rxg6 Bc7
51. Rg7+ Kd8 52. Ke4 1-0

[Event "EU-ch 6th"]
[Site "Warsaw"]
[Date "2005.06.20"]
[Round "3"]
[White "Evdokimov, Alexander A"]
[Black "Fressinet, Laurent"]
[Result "0-1"]
[WhiteElo "2503"]
[BlackElo "2638"]
[Annotator "Huebner,R"]
[PlyCount "102"]
[EventDate "2005.06.18"]
[EventType "swiss"]
[EventRounds "13"]
[EventCountry "POL"]
[SourceTitle "CBM 108"]
[Source "ChessBase"]
[SourceDate "2005.09.26"]
[SourceVersion "1"]
[SourceVersionDate "2005.09.26"]
[SourceQuality "1"]

1. d4 d5 2. c4 c6 3. Nf3 Nf6 4. Nc3 dxc4 5. a4 Bf5 6. Nh4 Bg4 7. h3 Bh5 8. g4
Bg6 9. Nxg6 hxg6 10. e3 e6 11. Bxc4 Bb4 12. Kf1 {Ich gebe eine andere Partie
als Beispiel dafür, wie sich die Struktur dieser Stellung entwickeln kann:} (
12. Qf3 Nbd7 13. Kf1 Qa5 14. Ne4 Nxe4 15. Qxe4 O-O-O 16. Kg2 Rhf8 17. b3 f5 18.
Qc2 Rde8 19. Bb2 Nf6 20. Rad1 Kb8 21. Bc1 Nd5 22. Bd2 Bxd2 23. Qxd2 Qd8 24. Be2
Rf7 25. Kg1 f4 26. e4 f3 27. Bf1 Nf4 28. Qe3 e5 29. Qxf3 exd4 30. h4 Qf6 31. a5
Nh3+ $19 {0-1 Shipov,S-Sakaev,K/Sochi 2004/CBM 101 (60). (60)}) 12... Nbd7 13.
Kg2 Nd5 {Dies ist eine solide Fortsetzung. Ich gebe ein Beispiel für eine
andere Folge:} (13... Qe7 14. a5 g5 15. e4 Bxc3 16. bxc3 Nxe4 17. Qf3 Nd6 18.
Ba3 c5 19. Bd3 Rc8 $13 {1-0 Sulava,N-Wadsack,W/Oberwart 1996/CBM 053 ext (42).
(41)}) 14. Qb3 a5 15. e4 N5b6 16. Bxe6 {Weiß erhält drei Bauern für die Figur
und ein recht kräftiges Zentrum, aber wegen seiner Felderschwächen am
Damenflügel hat er im Endspiel eher Sorgen. Ich hätte} (16. Be2 Nf6 17. Be3
Bxc3 18. bxc3 Nxe4 19. c4 {vorgezogen.}) 16... fxe6 17. Qxe6+ Kf8 18. Qxg6 Qf6
19. Qxf6+ Nxf6 20. f3 Bxc3 {so erhält der Springer des Schwarzen auf c4 ein
prächtiges Feld.} 21. bxc3 Nc4 22. Rb1 b6 23. h4 g6 $1 {Es ist wichtig, die
weitere Expansion des Weißen am Königsflügel einzuschränken.} 24. Kf2 {Der
König strebt nach d3, aber inzwischen steht Schwarz zu b6-b5 bereit.} Rb8 25.
Bf4 Rb7 26. Ke2 b5 27. Rb3 Nd7 28. Bg3 Rb6 29. axb5 (29. Bc7 bxa4 {sieht nicht
besser aus.}) 29... cxb5 30. Rhb1 a4 31. Rxb5 a3 32. Rxb6 Ndxb6 33. d5 {
In Betracht kommt} (33. Kd3 Nb2+ 34. Kc2 N6c4 35. Rh1 Kf7 36. Kb3 {mit
unklarer Lage.}) 33... Ke7 34. Bf2 (34. Kd3 Nb2+ 35. Kc2 N6c4 36. Re1 {
verdient auch hier Erwägung.}) 34... Na4 35. Rb7+ $2 {Angesichts des Schwarzen
a-Bauern hätte ich es nicht gewagt, den Turm von der ersten Reihe zu entfernen.
} (35. Kd3 Ne5+ {ist nicht sonderlich empfehlenswert für Weiß.}) ({Die
Fortsetzung} 35. Rh1 Rb8 36. Bd4 a2 37. Ra1 Rb2+ 38. Kd3 Na5 39. c4 Rg2 {
birgt bereits erhebliche Gefahren für Weiß.}) ({aber} 35. Ra1 Kd7 (35... Rb8
36. Bd4 {sieht ungünstig für Schwarz aus.}) 36. Kd3 Ne5+ 37. Kc2 Rb8 38. Rxa3
Rb2+ 39. Kd1 Nxc3+ 40. Rxc3 Rxf2 {sollte zum Remis führen.}) 35... Kd8 36. Ra7
Ncb2 37. Ra8+ Kc7 38. Rxh8 (38. Bg3+ Kb7 39. Rxh8 a2 40. Rb8+ Ka7 {gibt dem
Weißen keine bessere Version als die Partiefortsetzung.}) 38... a2 39. Rh7+ Kc8
40. Rh8+ Kb7 41. Rh7+ Kb8 42. Rh8+ Kc7 43. Rh7+ Kd6 44. Bg3+ Kc5 45. Rc7+ Kb6
$2 (45... Kb5 {sollte zum Gewinn führen:} 46. c4+ Kb4 47. Rb7+ Kxc4 48. Rc7+
Kb3 49. Rc1 Nc3+ 50. Ke3 Nb1 {Es ist unwahrscheinlich, daß Weiß sich retten
kann.}) 46. Rc6+ $2 (46. c4 {dürfte Rettung bringen::} Nc3+ ({Ich sehe keine
anderen Gewinnversuche. Nach} 46... a1=Q 47. Rc6+ {kann Schwarz dem
Dauerschach nicht entkommen, denn} Ka5 48. Be1+ {ist natürlich ungesund für
ihn.}) (46... Nxc4 47. Be5 (47. Rxc4 a1=Q 48. Rc6+ Kb5 {ist weniger klar;
Schwarz hat gute Gewinnchancen, denn Weiß wird den Turm gegen den Springer
geben müssen, um Matt zu vermeiden.}) 47... Nxe5 48. Rc1 Nc3+ 49. Kd2 Nb1+ 50.
Kc2 a1=Q 51. Rxb1+ Qxb1+ 52. Kxb1 Nxf3 53. h5 gxh5 54. gxh5 Nd2+ {mit remis.})
47. Kd2 a1=Q 48. Rc6+ Ka5 49. Kxc3 Nd1+ 50. Kc2 Qc3+ 51. Kxd1 Qxf3+ 52. Kd2
Qxg3 (52... Qg2+ 53. Kd3 Qxg3+ 54. Kd4 {sieht nicht gewinnträchtig für Schwarz
aus.}) 53. Rxg6 (53. h5 {ist verkehrt:} g5 54. h6 Kb4 {, und Schwarz dürfte
gewinnen.}) 53... Kb4 54. Rc6 {und Weiß müßte überleben können.}) 46... Kb5 $19
47. c4+ Kb4 48. Rxg6 a1=Q 49. h5 Qd1+ 50. Ke3 Qg1+ 51. Bf2 Qc1+ 0-1

[Event "Reykjavik zt"]
[Site "Reykjavik"]
[Date "1995.??.??"]
[Round "7"]
[White "Agdestein, Simen"]
[Black "Hansen, Curt"]
[Result "0-1"]
[WhiteElo "2600"]
[BlackElo "2630"]
[Annotator "Huebner,R"]
[PlyCount "134"]
[EventDate "1995.03.??"]
[EventType "swiss"]
[EventRounds "11"]
[EventCountry "ISL"]
[SourceTitle "CBM 047"]
[Source "ChessBase"]
[SourceDate "1995.08.01"]
[SourceVersion "1"]
[SourceVersionDate "1995.08.01"]
[SourceQuality "1"]

1. d4 d5 2. c4 c6 3. Nc3 Nf6 4. Nf3 dxc4 5. a4 Bf5 6. Ne5 e6 7. f3 Bb4 8. e4
Bxe4 9. fxe4 Nxe4 10. Bd2 Qxd4 11. Nxe4 Qxe4+ 12. Qe2 Bxd2+ 13. Kxd2 Qd5+ 14.
Kc2 Na6 15. Nxc4 O-O-O 16. Qe3 {Üblicher ist 16.De5 f6 17.De3, wonach der
Punkt e6 des Schutzes bedarf. So bleibt jedoch das Feld e5 den weißen Figuren
zugänglich.} Nc5 (16... Kb8 {Kramnik-Ki. Georgiev, Olympiade Moskau 1994, Inf.
62/421}) 17. Be2 Qf5+ {Von A. Cernin im Inf. 52/376 angegeben.} (17... Qxg2 18.
Rhg1 Qxh2 19. Kc3 Rd5 (19... Nd7 20. Rxg7 Nf6 21. Kb3 (21. Qxa7 Nd5+ (21...
Qxe2 22. Nb6+ Kc7 23. Rxf7+ Rd7 24. Nxd7 Nxd7 {G. Hertneck, CBM 25} 25. Qd4 Rd8
26. Rd1 $18) 22. Kb3 Qh3+ $19) 21... Nd5 22. Qf3 $5 (22. Qxa7 Qh3+ $19 (22...
Qxe2 23. Qa8+ Kc7 24. Rxf7+ Rd7 25. Rxd7+ Kxd7 26. Qxb7+ Nc7 27. Nb6+ Kd6 28.
Nc4+ $10 {G.Hertneck, CBM 25})) (22. Qe5 Qxe5 23. Nxe5 f6 24. Nf7 Rd7 25. Rag1
Rf8 26. Nh6 Rfd8 $10) 22... Rhg8 23. Rag1 Qxg1 (23... Rxg7 24. Rxg7 f6 $13) 24.
Rxg1 Rxg1 25. Qxf7 Rg3+ 26. Bf3 $14) 20. b4 Nd7 21. Bf3 Kb8 (21... Rf5 {
G. Hertneck, CBM 25} 22. Rad1 $36) 22. Rxg7 (22. Bxd5 cxd5 23. Nd2 {+/- G.
Hertneck, CBM 25; ~/= A. Cernin, Inf. 52/376}) 22... Rf5 23. Rh1 (23. Be4 Nf6
$15 {A. Cernin, Inf. 52/376}) 23... Qa2 (23... Qf4 $142 $15 {A. Cernin, Inf.
52/376}) 24. Be4 Ne5 25. Qd4 Nxc4 26. Bxf5 $13 {M. Muse-A. Cernin, Altensteig
1991, Inf. 52/376.}) 18. Kc3 Qf6+ 19. Kb4 (19. Qe5 $5 Ne4+ 20. Kb3 Qxe5 (20...
Nd2+ 21. Ka2 $16) 21. Nxe5 Rd2 (21... Rhf8 22. Rhd1 $14) 22. Rhe1 (22. Nxf7 Rf8
23. Bf3 Nc5+ 24. Kc3 Rd3+ 25. Kc4 Rxf7 26. Kxc5 Rf4 $17) (22. Bf3 Ng5 $10)
22... f6 23. Nf3 $14) 19... Rd5 20. Ka3 Rhd8 21. Rad1 Qg5 $6 (21... Qe7 22. b4
Na6 23. Qc3 f6 (23... c5 24. b5 Nb4 25. Qxg7 $16) 24. Ne3 $14) 22. Qxg5 Rxg5
23. Rxd8+ Kxd8 24. Bf3 Kc7 25. Rd1 Nd7 26. h4 Rg6 27. a5 (27. b4 $5 Rh6 (27...
Nb6 28. Nd6 $16) 28. h5 g6 29. g4 (29. Nd6 Ne5 30. Ne8+ Kc8 $13) 29... gxh5 30.
g5 Rg6 31. Bxh5 Rxg5 32. Bxf7 $16) (27. Rxd7+ $6 Kxd7 28. Ne5+ Kd6 (28... Ke7
29. Nxg6+ hxg6 30. Kb4 Kd6 31. Kc4 f5 32. b4 $14) 29. Nxf7+ (29. Nxg6 hxg6 30.
Kb4 f5 $13) 29... Ke7 30. Ne5 Rf6 $13) 27... f5 $6 (27... Rf6 28. Nd6 Rf4 29.
Nxb7 Ne5 30. Nc5 $16) (27... Rh6 $142 28. h5 g6 29. g4 gxh5 30. g5 Rg6 31. Bxh5
Rxg5 32. Bxf7 Ne5 33. Nxe5 Rxe5 34. b4 a6 $10) 28. Kb4 $2 (28. Re1 $16) 28...
Rh6 29. h5 e5 $13 30. Kc3 (30. g4 $5 e4 31. Be2 fxg4 (31... f4 32. g5 Re6 33.
Bg4 Re7 34. Rf1 $13) 32. Bxg4 Nf6 $13) 30... g5 31. Be2 (31. hxg6 hxg6 (31...
Rxg6 $2 32. Rxd7+ Kxd7 33. Nxe5+ $18) 32. Nd6 (32. a6 bxa6 (32... e4 33. axb7
Nc5 34. Be2 $10) 33. Rxd7+ Kxd7 34. Nxe5+ Kc7 35. Nxc6 $10) 32... Nc5 33. Ne8+
$10) (31. Ne3 Rf6 32. g4 e4 33. Bh1 f4 $17) 31... g4 32. Ne3 (32. Rh1 $2 Nf6
33. Nxe5 Ne4+ 34. Kc2 Re6 $17 35. Nf7 Ng3 36. Bc4 Re4) 32... Rxh5 33. Nxg4 Rg5
34. Ne3 $6 (34. Rxd7+ $142 Kxd7 35. Nxe5+ Ke6 36. Nd3 $13) 34... f4 35. Nc4
Rxg2 36. Bd3 h5 $6 (36... Rg5 $142 37. Bxh7 Nf6 $17) 37. b4 $6 (37. Bf5 Nf6 38.
Rd6 (38. Nxe5 Rg5 $19) 38... Nd5+ 39. Kd3 Rg7 40. Rh6 $13) 37... Rg5 38. Nd2
Nf6 39. Nf3 $6 (39. Ne4 $142) 39... Nd5+ 40. Kb3 Rg3 41. Nxe5 h4 42. Re1 $2 (
42. Rd2 $142 $5 h3 43. Kc4) 42... h3 43. Kc4 f3 $19 44. Kd4 h2 45. Rh1 f2 46.
b5 Nb4 47. Bc4 Nc2+ 48. Ke4 Ne3 49. b6+ (49. Rxh2 Nxc4 50. Rxf2 Nxe5 51. Kxe5
cxb5 $19) 49... axb6 50. axb6+ Kxb6 51. Rxh2 f1=Q 52. Bxf1 Nxf1 53. Nd7+ Kc7
54. Rh7 b5 55. Ne5+ Kb6 56. Nd7+ Ka5 57. Kd4 Nd2 58. Rh6 Nb3+ 59. Ke5 c5 60.
Kd5 c4 61. Ne5 Kb4 62. Nc6+ Ka3 63. Na7 Rg5+ 64. Ke4 c3 65. Rh2 Rc5 66. Rc2 b4
67. Kd3 Na1 0-1

[Event "Capablanca Memorial Elite 30th"]
[Site "Matanzas"]
[Date "1995.??.??"]
[Round "2"]
[White "Blanco Fernandez, Alvaro"]
[Black "Arencibia, Juan Joel"]
[Result "1/2-1/2"]
[WhiteElo "2455"]
[BlackElo "2435"]
[Annotator "Huebner,R"]
[PlyCount "79"]
[EventDate "1995.05.??"]
[EventType "tourn"]
[EventRounds "13"]
[EventCountry "CUB"]
[EventCategory "11"]
[SourceTitle "CBM 048"]
[Source "ChessBase"]
[SourceDate "1995.10.01"]
[SourceVersion "1"]
[SourceVersionDate "1995.10.01"]
[SourceQuality "1"]

1. d4 d5 2. c4 c6 3. Nc3 Nf6 4. Nf3 dxc4 5. a4 Bf5 6. Ne5 e6 7. f3 Bb4 8. e4
Bxe4 9. fxe4 Nxe4 10. Bd2 Qxd4 11. Nxe4 Qxe4+ 12. Qe2 Bxd2+ 13. Kxd2 Qd5+ 14.
Kc2 Na6 15. Nxc4 O-O-O 16. Qe3 {Dieser Zug beginnt an Stelle des früher
üblichen 16.Qe5 beliebt zu werden.} c5 {Dies wurde, soweit ich sehe, bisher
noch nicht gespielt. 16...Kb8 geschah in der Partie Kramnik,V-Georgiev,Ki,
Moscow olm 1994; Schwarz bekam bald Schwierigkeiten. Sonst wurde 16...Nc5
gewählt:} (16... Nc5 17. Be2 Qxg2 (17... Qf5+ 18. Kc3 Qf6+ 19. Kb4 (19. Qe5
Ne4+ 20. Kb3 Qxe5 21. Nxe5 Rd2 22. Rae1 $14 {Hübner}) 19... Rd5 20. Ka3 Rhd8
21. Rad1 $14 {Agdestein,S-Hansen,Cu, Reykjavik (zt) 1995, CBM 47.}) 18. Rhg1
Qxh2 19. Kc3 (19. Rh1 Qg2 20. Rag1 Qe4+ 21. Qxe4 Nxe4 22. Rxg7 Rd4 $10 {
Hergott,D-Marjanovic,S, Belgrad (GMA) 1988, TD 88/07.}) (19. b4 Nd3 20. Rh1 Qf2
21. Qxf2 Nxf2 22. Rhf1 Ne4 23. Rxf7 Rd7 $10 {Kalatarian,N-Kinsman,A,Cannes op
1995, EXP 46.}) 19... Rd5 20. b4 Nd7 21. Bf3 Kb8 $13 {Muse,M-Chernin,A,
Altensteig 1991, CBM 25.}) 17. Be2 $6 {Es kommt sehr in Betracht, analog der
Partie Karpov,A-Hjartarson,J, Tilburg 1988, in welcher der schwarze f-Bauer
auf f6 stand, mit 17.Kb3 Nb4 18.Rc1 Nc6 19.Ka3 Nd4 20.Na5 fortzufahren.} Nb4+
18. Kb3 Nc6 19. Rac1 (19. Kc3 Nd4 20. Bf3 Nxf3 $10) 19... Qxg2 20. Ka3 Nd4 21.
Bd3 {Weiß droht 22.Be4.} Qf3 (21... Qc6 22. Ne5 Qb6 (22... Qc7 23. b4 $40) 23.
Ka2 $36) 22. Qxf3 Nxf3 23. Rc3 Rd7 (23... f6 $142 24. Bxh7 Rxh7 25. Rxf3 Rd4
$10) 24. Rf1 (24. Bxh7 Rxh7 25. Rxf3 f6 $10) 24... Nxh2 25. Rxf7 Rxf7 26. Nd6+
Kd7 27. Nxf7 Rf8 28. Ne5+ Kd6 29. Nc4+ Kd5 30. Bxh7 Nf3 31. Ne3+ {Nicht
schlecht war auch 31.Nd2 Nd2 (31...Ne4 wird mit 32.Be4+ nebst 33.Bb7
beantwortet; auf 31...Ng5 folgt 32.Bc2) 32.Rd3+ Kc4 33.Rd2 Rf3+ 34.Ka2 mit
Gewinnaussichten für Weiß; aber der Textzug ist stärker.} Kd4 32. Nc2+ {
Nach 32.Rd3+ Ke5 33.Rd7 dürfte Weiß auf Gewinn stehen.} Kd5 33. Re3 $2 {
33.Ne3+ Kd4 34.Rd3+ führte zur eben angeführten Variante.} Ng5 34. Bd3 e5 {
Jetzt wirken die Figuren des Weißen nicht gut zusammen; insbesondere Nc2 steht
schlecht.} 35. Kb3 (35. Rg3 Ne6 36. Ne3+ Kd4 37. Nf5+ Kd5 38. Nxg7 Nf4 39. Bc2
{bot dem Weißen noch stets Gewinnchancen.}) 35... e4 36. Rg3 Nf3 (36... exd3
37. Rxg5+ Ke4 38. Rg4+ Kf3 39. Rxg7 $10) 37. Bc4+ Ke5 38. Rxg7 Nd2+ 39. Kc3
Nb1+ 40. Kb3 1/2-1/2